Slovník anglicko-český /

Hlavní autor: Jung, Václav Alois, 1858-1927
Jazyk: Čeština
Vydáno: Praha : Jaroslav Tožička, 1947
Vydání: 3. dopl. vyd.
Fyzický popis: 2 sv.
Odebírané svazky: 1-2
Knihy
Uloženo v:
LEADER 00823nam a22002412aa4500
001 001335078
003 CZ BrMZK
005 20131012130920.0
007 ta
008 131012s1947 xr er|||||||||||cze d
040 |a BOA001  |b cze 
100 1 |a Jung, Václav Alois,  |d 1858-1927  |7 jk01052161  |4 com 
245 1 0 |a Slovník anglicko-český /  |c sestavil V.A. Jung 
250 |a 3. dopl. vyd. 
260 |a Praha :  |b Jaroslav Tožička,  |c 1947 
300 |a 2 sv. 
505 0 |a Díl 1. 800 s. -- díl 2. s. 801-1564 
910 |a BOA001  |b TK-0027.151  |s 1-2 
990 |a BK 
993 |a Y 
991 |b 201310 
996 6 |b BC-1262943  |c TK-0027.151  |d Díl 1.  |v 1  |l MZK  |r Sklad / do 24 hodin  |n 0  |w 001370088  |u 000030  |a 1  |e BOA001  |j MZK50  |s P 
996 6 |b BC-1262946  |c TK-0027.151  |d Díl 2.  |v 2  |l MZK  |r Sklad / do 24 hodin  |n 0  |w 001370088  |u 000060  |a 1  |e BOA001  |j MZK50  |s P